000 00591nam a2200169 4500
001 122627
003 ES-MaACL
005 20230906192019.0
007 t|
008 070214s1971 sp r ||||1| spa d
110 2 _aAsociación Española de Economía y Sociología Agrarias.
_91652
245 1 0 _aProblemas de la economía frutícola española.
260 _aMadrid :
_bInstituto de Estudios Agro-sociales,
_c1971.
300 _a255 p., 1 lám. ;
_c24 cm.
500 _aPrecede al tít.: Asociación Española de Economía y Sociología Agrarias.
852 _aES-MaACL
_jC-41922
_bR.78562
999 _c122627
_d122627